000 02941njm0a2200433 4500
001 RU\NLR\ONIZ\196851
005 20250708192203.0
035 _a(NLR Aleph) 010404611
071 0 0 _aС62-22805-6
090 _a13282218
_c13282218
100 _a20120119d1985 |||y0rusy50 ca
102 _aRU
126 _aabuxcxu ux
_bxxx
127 _a000016
135 _ahonoannnanndn
200 1 _aПесни Булата Окуджавы и Евгения Бачурина
_bЗвукозапись
_fисполн.: Ю. Слободкин
_gсопровожд.: А. Марченко, гитара, синтезатор, клавесин
210 _aМосква
_cМелодия
_d1985
215 _a1 грп. [ГОСТ 5289-80] (16 мин): 33 об/мин, стерео; 17, 5, в конв.
327 1 _a1. Шахматы на балконе / сл. авт. ; Е. В. Бачурин ;
_a2. Песня о голубом шаре / сл. авт. ; Е. Бачурин.
_a3. Не клонись-ка , ты головушка / Б. Ш. Окуджава ;
_a4. Чудесный вальс / Б. Ш. Окуджава
464 0 _12001#$aШахматы на балконе$fсл. авт.$gЕ. В. Бачурин
_1701#1$9z01790$aБачурин$bЕ. В.$gЕвгений Владимирович$f1934$4590
_1790#1$9z01701$aBachurin$bE.$gEugenij$f1934$4590
_tШахматы на балконе
464 0 _12001#$aПесня о голубом шаре$fсл. авт.$gЕ. Бачурин
_1701#1$9z01790$aБачурин$bЕ. В.$gЕвгений Владимирович$f1934$4230
_1790#1$9z01701$aBachurin$bE.$gEugenij$f1934$4230
_tПесня о голубом шаре
464 0 _12001#$aНе клонись-ка , ты головушка$fБ. Ш. Окуджава
_1701#1$9z01790$aОкуджава$bБ. Ш.$gБулат Шалвович$f1924-1997$4520
_1790#1$9z01701$aOkudzhava$bB.$gBulat$f1924-1997$4520
_tНе клонись-ка , ты головушка
464 0 _12001#$aЧудесный вальс$fБ. Ш. Окуджава
_1701#1$9z01790$aОкуджава$bБ. Ш.$gБулат Шалвович$f1924-1997$4520
_1790#1$9z01701$aOkudzhava$bB.$gBulat$f1924-1997$4520
_tЧудесный вальс
606 1 _aАвторская песня
_yРоссия
_2nlr_sh
686 _aЩ943.4, 8(2)
_vLBC/SL
_2rubbk
686 _aЩ943.4-041.5я43(2Р=Р)
_vLBC/SL
_2rubbk
700 1 _9z10790
_aСлободкин
_bЮ. П.
_f1939
_gЮлий Павлович
_4590
_4vma
702 1 _9z07790
_aМарченко
_bА.
_cгитара, синтезатор
_gАлександр
_4590
790 1 _9z07702
_aMarchenko
_bA.
_cguitar
_gAlexandr
_4590
790 1 _9z10700
_aSlobodkin
_bYu. P.
_f1939
_gYulij Pavlovich
_4590
_4vma
801 0 _aRU
_bNLR
_c20120119
_gPSBO
801 1 _aRU
_bNLR
_c20120119
_2rusmarc
801 2 _aRU
_bNLR
_c20151105
852 _aNLR
_bМг
_j1/785
_p35073
_t1
942 _cREC
980 _aNB
980 _aONIZ